00325nam a2200121Ia 4500008004100000041000800041082001500049100001600064245004500080260004700125300002400172365000700196240624s9999 xx 000 0 und d aeng a302.35 TUP aTUPKARY R H aORGANISATIONAL INTELLIGENCE INCLUDING UP c2012aNew DelhibHimalaya Publishing House a368 : p. : cm. ; 24 cRS